Principles of functional analysis

Αποθηκεύτηκε σε:
Λεπτομέρειες βιβλιογραφικής εγγραφής
Κύριος συγγραφέας: Schechter, Martin
Μορφή: Βιβλίο
Γλώσσα:English
Δημοσίευση: Providence, Rhode Island : American Mathematical Society, c2002
Έκδοση:2nd ed.
Σειρά:Graduate studies in mathematics ; ; 36
Θέματα:
Ετικέτες: Προσθήκη ετικέτας
Δεν υπάρχουν, Καταχωρήστε ετικέτα πρώτοι!

MARC

LEADER 00000nam a2200000 i 4500
001 1/73598
008 050316s2002 eng d
020 |a 0-8218-2895-9 (hbk.) 
035 |l 10077137 
040 |a GR-MY-UA  |b gre  |e aacr 
041 0 |a eng 
082 0 |a 515.7  |2 (21) 
100 1 |a Schechter, Martin. 
245 1 0 |a Principles of functional analysis /  |c Martin Schechter 
250 |a 2nd ed. 
260 |a Providence, Rhode Island :   |b American Mathematical Society,   |c c2002 
300 |a xxi, 425 σ.;  |b εικ.;  |c 26 εκ. 
490 1 |a Graduate studies in mathematics  |v ; 36 
504 |a Περιέχει βιβλιογραφικές παραπομπές και ευρετήριο 
650 0 0 |a Functional analysis. 
830 0 |a Graduate studies in mathematics ;  |v ; 36 
852 |a INST  |b CHIOS  |e 20050316  |h 515.7 SCH  |p 005200021954  |q 005200021954  |t BK  |y 0 
852 |a INST  |b SAMOS  |e 20080414  |h 515.7 SCH  |p 005300026501  |q 005300026501  |t BK  |y 0 
901 |a BIBL3-2008-1 
901 |a BIBL2-2005-1 
909 |a Σ  |b 151974 
909 |a Χ  |b 112946 
920 |a ΔΙΕΥΡΥΝΣΗ  |b ΕΠΕΑΕΚ-ΤΜΟΔ  |y ΧΙΟΣ  |z 2004-12 
922 |a 3ΕΛΗ  |b 200803  |c ΕΠΕΑΕΚ2/ΤΜΗΜΑ ΜΑΘΗΜΑΤΙΚΩΝ  |d ΕΛΕΥΘΕΡΟΥΔΑΚΗΣ 
970 |a ΣΠΕΝΤΖΑ  |b ΕΛΕΝΗ  |z 2005/03/16